000 02425nas a2200553 i 4500
001 193434
003 SpMaBN
005 20250902215906.0
006 m g d
007 cr
008 030523c19969999sp mr|pso || 0|||b0spa
010 _ac
_b2
022 0 _a0034-8619
035 _a(ISSN)16954408
035 _a(OCoLC)733129853
035 _aa4707964
040 _aSpMaBN
_bspa
_cSpMaBN
_erdc
080 _a624
210 0 _aRev. obras públicas
_bInternet
222 0 _aRevista de obras públicas
_bInternet
245 1 0 _aRevista de obras públicas
246 1 3 _aRevista de obras públicas (Ed. Internet)
260 _aMadrid :
_bImp. de Luis García,
_c1853-
300 _a194 v. ;
_c35 cm.
310 _aMensual
321 _aBimensual,
_b1853-1939
336 _aTexto (visual)
_2isbdcontent
337 _atextual
_2isbdmedia
362 0 _aV. I (en. 1853)-
500 _aÚltima consulta, 4 diciembre 2023
500 _aNo se publicó de mayo de 1922 a abril de 1923.
500 _aNo se publicó de nov. de 1936 a 1939.
500 _aEn 1898 figura como fundada y sostenida por el Cuerpo Nacional de Ingenieros de Caminos, Canales y Puertos.
500 _aA partir de 1924 se publica por la Escuela Especial de Ingenieros de Caminos, Canales y Puertos.
500 _aEl 1 de ag. de 1936 es intervenida por la Confederación Nacional de Ingenieros.
500 _aA partir de 1940 se publican también dos boletines quincenales.
525 _aN. 3434 (junio 2003), monográfico: "150 años de la Revista de obras públicas"
525 _aN. 3581 (noviembre 2016), monográfico: "José Echegaray y Eizaguirre (1832-1916)"
530 _aDisponible en formato digital.
650 7 _aIngeniería civil
_2embne
_913771
776 0 8 _iVersión electronica
_tRevista de obras públicas (Ed. Internet)
_x1695-4408
852 _aES-MaACL
_jHEM-H-457
_92012
_cHEM
_zRevista : Viva
856 4 0 _31978-
_zRevista de obras públicas (Ed. Internet)
_uhttps://www.revistadeobraspublicas.com/
_yAcceso electrónico
856 4 0 _uhttps://dialnet.unirioja.es/servlet/revista?codigo=2013
_yAcceso a sumarios en Dialnet
866 0 _o1853-92,(1897)1898-1922.1923-36.1940-42(1943)1944-60,(1976f.ene.-abr.)1977-2022
_zUltimo numero recibido Nº.3633 En-Feb (2022)
942 _2udc
_cPERIODICA
999 _c193434
_d193434